000 01372nam a2200349 c 4500
003 BLK
005 20180422115654.0
008 180411b bul|||||r ||||||| ||bul||
010 _aKNG00198749000
040 _aBLK
041 _aBUL
_cBUL
080 _aГеография на България
_b913(497.2)
_x(497.2-21)
_z913(497.2)(497.2-21)
100 1 _aСандански, Борис Костадинов
_eпърви автор
_9373275
139 _aСандански, Борис Костадинов
_bС 18
245 1 0 _aСимитли
_bОчерк с турист. маршрути
_cБорис Костадинов Сандански.
257 _aBGR
260 София
_bМедицина и физкултура
_c1989
_fПловдив : Д. Благоев
300 _a63 с.
_bс ил., к.
_c17 см
380 _a91
490 1 _aМалка туристическа библиотека
_v2
500 _a7 204 тир.
650 4 _aТуристически маршрути - България
_9264994
650 4 _aГрадове - България
_9243112
651 4 _aБългария
_9241624
653 _aСимитли
653 _aтуристически маршрути
852 _aЦб І 24228
856 4 _qpdf
_u
856 4 _qpdf
_u
942 _cKNG
_n0
944 _aCR
_c23.12.2016
_kЕлиз_Шакирова
944 _aED
_c23.12.2016
_kЕлиз_Шакирова
999 _c189703
_d189703